Normal view
MARC view
Entry Topical Term
001 - CONTROL NUMBER
- control field: 14199
003 - CONTROL NUMBER IDENTIFIER
- control field: dpl
005 - DATE AND TIME OF LATEST TRANSACTION
- control field: 20100817104636.0
008 - FIXED-LENGTH DATA ELEMENTS
- fixed length control field: 100817|||a|||||| | ||| d
040 ## - CATALOGING SOURCE
- Original cataloging agency: dpl
- Transcribing agency: dpl
150 ## - HEADING--TOPICAL TERM
- Topical term or geographic name as entry element: Civil engineering-Technological innovations
670 ## - SOURCE DATA FOUND
- Source citation: Work cat.: (dpl)42224: Civil Engineering: Meeting the Challenges of Tomorrow (Ludhiana: 24th-25th November) 14197, Proceedings of National conference civil engineering :, 2006
670 ## - SOURCE DATA FOUND
- Source citation: Work cat.: (dpl)42224: Civil Engineering: Meeting the Challenges of Tomorrow (Ludhiana: 24th-25th November) 14197, Proceedings of National conference civil engineering :, 2006
